Геракліт (Запис № 308333)

МАРК-запис
000 -Лідер
fixed length control field 00636nam a22002537a 4500
003 - Ідентифікатор контрольного номера
control field UA-OsUOA
001 - Контрольний номер
control field 22119
007 - Фіксоване поле фізичного опису
fixed length control field ta
008 - Елементи даних фіксованої довжини – загальна інформація
fixed length control field 20031217b un ||||| |||| 00| 0 ukr d
090 ## - Локальний шифр розміщення
Класифікаційний індекс УДК 113
Авторський знак (НП) Т46
040 ## - Джерело каталогізації
Агенція оригінальної каталогізації UA-OsUOA
Мова каталогізації ukr
Агенція, яка здійснювала перезапис UA-OsUOA
Агенція, яка здійснювала модифікацію UA-OsUOA
041 ## - Код мови
Код мови тексту/ звукової доріжки чи окремого заголовка (П) ukr
080 ## - Індекс Універсальної десяткової класифікації
Індекс Універсальної десяткової класифікації (УДК) (НП) 113
020 ## - Міжнародний стандартний книжковий номер (ISBN)
Міжнародний стандартний книжковий номер (ISBN) (НП) 5-86828-03-5
044 ## - Код країни видавця/ виробника
Код країни видавця/ виробника (П) UA
100 ## - Основне введення – ім’я особи
Ім’я особи (НП) Тихолаз А.Г.
245 ## - Відомості про назву
Назва (НП) Геракліт
Решта назви (НП) Навчальний посібник з давньогрецької філософії
260 ## - Публікація, розповсюдження і т.п. (Вихідні дані)
Місце публікації, розповсюдження і т.п. (П) Київ
Ім’я/ наймення видавництва, розповсюджувача і т.п. (П) Абрис
Дата публікації, розповсюдження і т.п. (П) 1995
300 ## - Фізичний опис
Обсяг 160 с.
650 #7 - Додаткове предметне введення – тематичний термін
Джерело заголовка чи терміна UDC
942 ## - Додаткові елементи входу (Коха)
Тип елемента Koha Книги
955 ## - Код типу видання за змістом
Код типу видання за змістом (НП) інше
Фонди
Стан вилучень Стан втрат Джерело класифікації або схеми стелажів Стан уражень Не для кредиту Постійне місце розташування Поточне розміщення Дата придбання Інвентарний номер Усього замовленно Повний номер виклику Штрих-код Дата останнього перегляду Ціна ефективна від Тип елемента Koha Дата останньої перевірки Вартість, звичайна ціна покупки
    Universal Decimal Classification     АБ - Абонемент НБ АБ - Абонемент НБ 06/07/2006 20838   113 Т46 20838 27/10/2021 17/12/2003 Книги    
    Universal Decimal Classification     АБ - Абонемент НБ АБ - Абонемент НБ 06/07/2006 20839 1 113 Т46 20839 27/10/2021 17/12/2003 Книги 18/02/2020  
    Universal Decimal Classification     АБ - Абонемент НБ АБ - Абонемент НБ 06/07/2006 20840   113 Т46 20840 27/10/2021 17/12/2003 Книги    
    Universal Decimal Classification     ЧЗ - Читальна зала ЧЗ - Читальна зала 17/12/2003 61410   113 Т46 61410 25/11/2021 17/12/2003 Книги   8.05
    Universal Decimal Classification     ЧЗ - Читальна зала ЧЗ - Читальна зала 17/12/2003 61411   113 Т46 61411 25/11/2021 17/12/2003 Книги   8.40
    Universal Decimal Classification     ЧЗ - Читальна зала ЧЗ - Читальна зала 17/12/2003 61412   113 Т46 61412 25/11/2021 17/12/2003 Книги   3.00
    Universal Decimal Classification     ЧЗ - Читальна зала ЧЗ - Читальна зала 17/12/2003 61413   113 Т46 61413 25/11/2021 17/12/2003 Книги   17.95
    Universal Decimal Classification     ЧЗ - Читальна зала ЧЗ - Читальна зала 17/12/2003 62536   113 Т46 62536 25/11/2021 17/12/2003 Книги   8.05